01489nam a2200373Ia 4500001001200000003000800012006001900020007001500039008004100054010001700095020002200112020002600134040002100160035002100181050002300202082001800225245017000243246004600413260004600459300001600505504005100521533015200572650003900724650003300763650002600796650002100822655002900843700003100872700002600903700002600929710001700955856012600972999001701098ebr10128864CaPaEBRm u cr cn|||||||||020723s2002 enk sb 001 0 eng d z 2002011681 z1853839310 (pbk.) z1853839302 (hardback) aCaPaEBRcCaPaEBR a(OCoLC)65448500014aHD60b.C639 2002eb04a331.25/9822100aCorporate responsibility and labour rightsh[electronic resource] :bcodes of conduct in the global economy /cedited by Rhys Jenkins, Ruth Pearson and Gill Seyfang.3 aCorporate responsibility and labor rights aLondon :bEarthscan Publications,cc2002. axvi, 232 p. aIncludes bibliographical references and index. aElectronic reproduction.bPalo Alto, Calif. :cebrary,d2011.nAvailable via World Wide Web.nAccess may be limited to ebrary affiliated libraries. 0aSocial responsibility of business. 0aIndustriesxSelf-regulation. 0aIndustrial relations. 0aEmployee rights. 7aElectronic books.2local1 aJenkins, Rhys Owen,d1948-1 aPearson, Ruth,d1945-1 aSeyfang, Gill,d1969-2 aebrary, Inc.40uhttp://site.ebrary.com/lib/rucke/Doc?id=10128864zAn electronic book accessible through the World Wide Web; click to view c81543d81543